00655cam a22002173a 45000010005000000030006000050050017000110080041000280400015000690420007000840500007000912450063000982600029001615000040001905060073002305160020003036530025003237000020003488300028003688560041003963057PGUSA20140828083025.0020201s2002||||xxu|||||s|||||000 | eng d aPGUSAbeng adc 4aBS14aThe Common Edition :bNew Testamenth[electronic resource] bProject Gutenberg,c2002 aThis is a translation of the Bible. aCopyrighted. Read the copyright notice inside this book for details. aElectronic text aBible. New Testament1 aClontz, Timothy 0aProject Gutenbergv305740uhttp://www.gutenberg.org/ebooks/3057